<?xml version="1.0" encoding="UTF-8"?><?xml-stylesheet type="text/xsl" href="static/style.xsl"?><OAI-PMH xmlns="http://www.openarchives.org/OAI/2.0/" xmlns:xsi="http://www.w3.org/2001/XMLSchema-instance" xsi:schemaLocation="http://www.openarchives.org/OAI/2.0/ http://www.openarchives.org/OAI/2.0/OAI-PMH.xsd"><responseDate>2026-06-29T02:10:17Z</responseDate><request verb="GetRecord" identifier="oai:docta.ucm.es:20.500.14352/133293" metadataPrefix="marc">https://docta.ucm.es/rest/oai/request</request><GetRecord><record><header><identifier>oai:docta.ucm.es:20.500.14352/133293</identifier><datestamp>2026-02-26T01:25:20Z</datestamp><setSpec>com_20.500.14352_14</setSpec><setSpec>col_20.500.14352_15</setSpec></header><metadata><record xmlns="http://www.loc.gov/MARC21/slim" xmlns:dcterms="http://purl.org/dc/terms/" xmlns:xsi="http://www.w3.org/2001/XMLSchema-instance" xmlns:doc="http://www.lyncode.com/xoai" xsi:schemaLocation="http://www.loc.gov/MARC21/slim http://www.loc.gov/standards/marcxml/schema/MARC21slim.xsd">
   <leader>00925njm 22002777a 4500</leader>
   <datafield ind2=" " ind1=" " tag="042">
      <subfield code="a">dc</subfield>
   </datafield>
   <datafield ind2=" " ind1=" " tag="720">
      <subfield code="a">Sánchez Gabites, Jaime Jorge</subfield>
      <subfield code="e">author</subfield>
   </datafield>
   <datafield ind2=" " ind1=" " tag="260">
      <subfield code="c">2017</subfield>
   </datafield>
   <datafield ind2=" " ind1=" " tag="520">
      <subfield code="a">Suppose that a closed surface S ⊆ R3 is an attractor, not necessarily global, for a discrete dynamical system. Assuming that its set of wild points W is totally disconnected, we prove that (up to an ambient homeomorphism) it has to be contained in a straight line. As a corollary we show that there exist uncountably many different 2–spheres in R3 none of which can be realized as an attractor for a homeomorphism. Our techniques hinge on a quantity r(K) that can be defined for any compact set K ⊆ R3 and is related to “how wildly” it sits in R3. We establish the topological results that (i) r(W) ≤ r(S) and (ii) any totally disconnected set having a finite r must be contained in a straight line (up to an ambient homeomorphism). The main result follows from these and the fact that attractors have a finite r.</subfield>
   </datafield>
   <datafield ind1="8" ind2=" " tag="024">
      <subfield code="a">10.1016/j.aim.2017.05.011</subfield>
   </datafield>
   <datafield ind1="8" ind2=" " tag="024">
      <subfield code="a">https://hdl.handle.net/20.500.14352/133293</subfield>
   </datafield>
   <datafield ind1="8" ind2=" " tag="024">
      <subfield code="a">https://doi.org/10.1016/j.aim.2017.05.011</subfield>
   </datafield>
   <datafield ind2="0" ind1="0" tag="245">
      <subfield code="a">On the set of wild points of attracting surfaces in R^3</subfield>
   </datafield>
</record></metadata></record></GetRecord></OAI-PMH>